Men in darkness : five stories.

Saved in:
Bibliographic Details
Main Author: Hanley, James, 1901-
Format: Book
Language:English
Published: Lond. : Lane, 1931.
LEADER 00637nam a22001811 4500
001 c000344092
003 CARM
005 00000000000000.0
008 851003s1931 enk 1 eng d
019 1 |a 3960607  |5 LACONCORD2021 
035 |a (OCoLC)1124149  |5 LACONCORD2021 
100 1 |a Hanley, James,  |d 1901- 
245 1 0 |a Men in darkness :  |b five stories. 
260 |a Lond. :  |b Lane,  |c 1931. 
852 8 |b CARM  |h A1:AM34A0  |i A05058  |p 0433594  |f BK 
082 0 4 |a 823.9 
999 f f |i 1bd78a47-5cce-5d8e-919b-70df5979686a  |s c200273a-d45b-53fc-952a-de65b7231a12 
952 f f |p Can circulate  |a CAVAL  |b CAVAL  |c CAVAL  |d CARM 1 Store  |e A05058  |f A1:AM34A0  |h Other scheme  |i book  |m 0433594